| 000 | 00985pam a2200277 a 4500 | ||
|---|---|---|---|
| 999 |
_c9846 _d9846 |
||
| 001 | 3923336 | ||
| 003 | OSt | ||
| 005 | 20210204154430.0 | ||
| 008 | 920710s1992 ilua b 001 0 eng | ||
| 010 | _a 92023300 | ||
| 020 |
_a0842359362 : _c$16.99 |
||
| 040 |
_aDLC _cDLC _dDLC |
||
| 050 | 0 | 0 |
_aBT77 _b.SP771E |
| 082 | 0 | 0 |
_a230/.57 _220 _bSP771E |
| 100 | 1 |
_aSproul, R. C. _q(Robert Charles), _d1939- |
|
| 245 | 1 | 0 |
_aEssential truths of the Christian faith / _cR. C. Sproul. |
| 260 |
_aWheaton, Ill. : _bTyndale House, _cc1992. |
||
| 300 |
_axxi, 302 p. : _bill. ; _c24 cm. |
||
| 504 | _aIncludes bibliographical references (p. 289-296) and index. | ||
| 650 | 0 |
_aTheology, Doctrinal _xPopular works. |
|
| 650 | 0 |
_aReformed Church _xDoctrines. |
|
| 650 | 0 | _aEvangelicalism. | |
| 906 |
_a7 _bcbc _corignew _d1 _eocip _f19 _gy-gencatlg |
||
| 942 |
_2ddc _cBK |
||